|
|
|
|
| LEADER |
00000nam0a2200000 4500 |
| 001 |
125294 |
| 005 |
20231031131322.0 |
| 020 |
|
|
|a RU
|b 81-11327
|
| 035 |
|
|
|a (RuTPU)RU\TPU\book\135579
|
| 090 |
|
|
|a 125294
|
| 100 |
|
|
|a 20071115d1981 m y0rusy5003 ca
|
| 101 |
1 |
|
|a rus
|c hun
|
| 102 |
|
|
|a RU
|
| 105 |
|
|
|a a z 000ay
|
| 200 |
1 |
|
|a Последний порог
|e Роман
|f А. Беркеши
|g пер. с венг. Е. Бочарникова и К. Иванов ; худож. А. Я. Салтанов
|
| 210 |
|
|
|a Москва
|c Воениздат
|d 1981
|
| 215 |
|
|
|a 463 с.
|c ил.
|d 20 см.
|
| 305 |
|
|
|a Перевод изд.: Kszbk / Berkesi Andras (Budapest)
|
| 610 |
0 |
|
|a Германия
|
| 610 |
0 |
|
|a Венгрия
|
| 610 |
0 |
|
|a Коммунисты
|
| 610 |
0 |
|
|a романы
|
| 610 |
0 |
|
|a 20 век
|
| 675 |
|
|
|a 89Д-2
|z rus
|
| 700 |
|
1 |
|a Беркеши
|b А.
|g Анндраш
|4 070
|
| 702 |
|
1 |
|a Бочарникова
|b Е.
|4 730
|
| 702 |
|
1 |
|a Иванов
|b К.
|4 730
|
| 702 |
|
1 |
|a Салтанов
|b А. Я.
|4 440
|
| 801 |
|
0 |
|a RU
|b RuMRKP
|c 19950704
|g psbo
|
| 801 |
|
1 |
|a RU
|b 63413507
|c 20071115
|g PSBO
|
| 801 |
|
2 |
|a RU
|b 63413507
|c 20110513
|g PSBO
|
| 942 |
|
|
|c BK
|